000 01159 a2200241 4500
005 2008091005465.0
008 080910t xxu||||| |||| 00| 0 hin d
010 _aHIN-79517
020 _a8181661729
_c100.00
035 _aHN-51863
037 _bD.B.Act / pub
082 _a821
100 _aनवेन्द, महर्षि,
245 _aउपेक्षा के हरे हस्ताक्षरःदलित कविताओं का संग्रह
_cनवेन्दु महर्षि
246 _aUpeksha ke hare Hasthakshar
260 _aदिल्ली
_bमेधा बुक्स
_c2006
270 _aएक्स-11, नवीन शाहदरा
_bदिल्ली
_e110032
_k22323672
_mmedhabooks@rediffmail.com
300 _a87पृ
_c22 सेमी (सजिल्द)
650 _aहिन्दी कविताएँ
650 _aHindi Poem
942 _adpl
_cHN
_k821 / महर्षि
_2ddc
_h821
_mमहर्षि
999 _c2896
_d2896